La discographie de Itzy - Statistiques

Statistiques générales
  • Ce quiz a été pris 30 fois
    11 depuis la dernière actualisation
  • Le résultat moyen est 67 sur 97
Statistiques - réponses
Réponse % Correct
Gold
100%
Sneakers
100%
Wannabe
100%
365
88%
Bad Girls R Us
88%
Born To Be
88%
Cake
88%
Cherry
88%
Cheshire
88%
Dalla Dalla
88%
Domino
88%
Dynamite
88%
Girls Will Be Girls
88%
Icy
88%
Imaginary Friend
88%
It'z Summer
88%
Kill Shot
88%
Kiss & Tell
88%
Loco
88%
Mr. Vampire
88%
Not Shy
88%
Ringo
88%
Shoot !
88%
Tunnel Vision
88%
Untouchable
88%
Want It ?
88%
Algorhythm
75%
Be In Love
75%
Bet On Me
75%
Blah Blah Blah
75%
B[oo]m-Boxx
75%
Crown On My Head
75%
Escalator
75%
Five
75%
Id
75%
In The Morning
75%
Kidding Me
75%
Locked N Loaded
75%
Nocturne
75%
None Of My Business
75%
Racer
75%
Sooo Lucky
75%
Sorry Not Sorry
75%
Sugar-Holic
75%
Supernatural
75%
Ting Ting Ting
75%
Vay (feat Changbin)
75%
Voltage
75%
Yet, But
75%
You Make Me
75%
Blossom
63%
Boys Like You
63%
Focus
63%
Free Fall
63%
Gas Me Up
63%
I Don't Wanna Dance
63%
Like Magic
63%
Mine
63%
Mirror
63%
No Biggie
63%
Nobody Like You
63%
Promise
63%
Psychic Lover
63%
Rock & Roll
63%
Run Away
63%
Snowy
63%
Spice
63%
Style
63%
Surf
63%
Swipe
63%
Tennis (0:0)
63%
That's A No No
63%
#Twenty
63%
Walk
63%
24Hrs
50%
8-Bit Heart
50%
Bratty
50%
Break Ice
50%
Chillin' Chillin'
50%
Don't Give A What
50%
DYT
50%
Flicker
50%
Freaky
50%
I, I Know Me
50%
Louder
50%
Love Is
50%
Playlist
50%
Trigger
50%
Trust Me (Midzy)
50%
Weapon
50%
What I Want
50%
Wind Ride
50%
Break My Heart
38%
Can't Tie Me Down
38%
Out Of Season
38%
Superpowers
38%
Wild Wild West
38%
Aucun quiz correspondant
Distribution des résultats
% des personnes avec chaque résultat
Percentile par nombre de réponses
Votre historique - résultats
Vous n’avez pas pris ce quiz depuis la dernière actualisation